Statistics for MLB's Greatest Streaks

Click here to take the quiz!

General Stats

  • This quiz has been taken 20 times
  • The average score is 12 of 30

Answer Stats

HintAnswer% Correct
2,632 consecutive games playedCal Ripken
95%
8,243 consecutive innings played as a position playerCal Ripken
95%
56 consecutive games with a base hitJoe DiMaggio
89%
5 consecutive seasons pitched recording 300 or more strikeoutsRandy Johnson
84%
7 consecutive seasons with 40 or more home runsBabe Ruth
68%
12 consecutive 30 home run seasonsBarry Bonds - Alex Rodriguez
68%
25.1 consecutive innings pitched without giving up a hitCy Young
68%
10 consecutive seasons amassing over 200 base hitsIchiro Suzuki
63%
9 consecutive seasons with at least 30 games saved as a pitcherMariano Rivera
63%
23 consecutive seasons with a batting average of .300 or betterTy Cobb
63%
84 consecutive games reaching baseTed Williams
58%
59 consecutive innings pitched without allowing a runOrel Hershizer
47%
3 consecutive seasons with 100 or more stolen basesVince Coleman
42%
50 consecutive stolen bases without being caught stealingVince Coleman
42%
67 consecutive seasons calling the broadcast for the same franchiseVin Scully
42%
12 consecutive seasons pitching with 20 or more winsChristy Mathewson
37%
84 saves pitched without a blown saveEric Gagne
37%
12 consecutive seasons with at least 50 stolen basesLou Brock
32%
8 consecutive games with a home runDale Long - Ken Griffey Jr - Don Mattingly
26%
24 consecutive games scoring at least one runBilly Hamilton
11%
24 consecutive games won by a pitcherCarl Hubbell
11%
17 consecutive plate appearances reaching baseEarl Averill - Piggy Ward
11%
15 consecutive perfect innings pitched and 45 consecutive batters retiredMark Buehrle
11%
2,379 consecutive fielding chances without having an errorCasey Kotchman
5%
3 consecutive pinch hit at bats with a home runDel Unser - Lee Lacy
5%
187 consecutive complete games as a pitcher if you don't count relief apparancesJack Taylor
5%
39 consecutive complete games as a pitcherJack Taylor
5%
117 consecutive games hitting without a strike outJoe Sewell
5%
12 consecutive plate appearances with a base hitJohnny Kling - Walt Dropo
5%
17 consecutive games recording at least 1 RBIRay Grimes
5%

Score Distribution

Percentile by Number Answered

Percent of People with Each Score

Your Score History

You have not taken this quiz